000 00368pab a2200145 454500
008 180718b2003 xxu||||| |||| 00| 0 eng d
100 _aRao, Radhakrishna
245 _aArivalayam - an oasis of hope for the mentally challenged
260 _c2003
300 _ap.34-35.
362 _aJul
650 _aMentally disabled
773 _aSocial Welfare
909 _a57102
999 _c57102
_d57102